000 00476nam a2200157 i 4500
001 59954
003 ES-MaACL
005 20230906164128.0
007 t|
008 031031s1932 sp ||||1| spa d
100 1 _aEsla, Constantino del.
_947728
245 1 4 _aLos hijos de Iñigo de Loyola
_b: conferencias, crímenes, intrigas /
_cConstantino del Esla.
260 _aMadrid :
_b[s.n.],
_c1932 (
_fZoila Ascasibar)
300 _a204 p. ;
_c20 cm.
852 _aES-MaACL
_jF-13858
999 _c59954
_d59954